REW spájanie hliníka s termoplastom

Saved in:
Bibliographic Details
Main Author: Gunda, Roman (Author)
Other Authors: Sejč, Pavol (Thesis advisor)
Format: Manuscript Book
Language:Slovak
Published: 2021
Subjects:
Online Access:http://is.stuba.sk/zp/portal_zp.pl?podrobnosti=156035
Tags: Add Tag
No Tags, Be the first to tag this record!

MARC

LEADER 00000ntm a22000003a 4500
001 stuzp82705
003 SK-STU
005 20210612211240.9
007 ta
008 150427s2015----xo-----f-mn---000-0-slo-d
040 |a STU  |b slo 
041 0 |a slo 
100 1 |a Gunda, Roman  |u 020050  |k Z4  |4 aut  |U SjF Strojnícka fakulta  |T SjF Ústav technológií a materiálov  |X 87280  |U J0050  |Y 803  |7 87280 
242 0 1 |a Resistance element welding of aluminum to thermoplastic  |y eng 
245 1 0 |a REW spájanie hliníka s termoplastom 
260 |c 2021 
650 4 |a REW  |2 slo 
650 4 |a hliník  |2 slo 
650 4 |a termoplast  |2 slo 
650 4 |a bimetalický spojovací element  |2 slo 
650 4 |a aluminum  |2 eng 
650 4 |a REW  |2 eng 
650 4 |a thermoplastic  |2 eng 
650 4 |a bimetallic joining element  |2 eng 
700 1 |a Sejč, Pavol  |u 020050  |k Z1  |4 ths  |U SjF Strojnícka fakulta  |T SjF Ústav technológií a materiálov  |X 2300  |U J0050  |Y 803  |7 A000002300 
856 4 |u http://is.stuba.sk/zp/portal_zp.pl?podrobnosti=156035 
996 |b 284J046657  |c J* 3337/DDP  |l JJSK  |s A  |a 24  |w stuzp82705_0001